Rostros de Chile precolombino de José Pérez de Arce

Sparad:
Bibliografiska uppgifter
Huvudupphovsmän: Aldunate del Solar, Carlos Alberto (Författare, medförfattare), Gallardo Ibáñez, Francisco (Författare, medförfattare)
Materialtyp: Bok
Språk:spanska
Publicerad: Santiago Engrama 1997
Ämnen:
Taggar: Lägg till en tagg
Inga taggar, Lägg till första taggen!

MARC

LEADER 00000nam a2200000 a 4500
001 UCH5220
003 CL-VaPUC
008 091008e19970000CL |||||||||||||||||spa|d
082 0 4 |a 709.83  |b ALD  |2 21 
100 0 |a Aldunate del Solar, Carlos Alberto  |e author  |9 541476 
700 |a Gallardo Ibáñez, Francisco  |e author  |9 541477 
245 1 0 |a Rostros de Chile precolombino de José Pérez de Arce 
300 |a 92 p 
942 |c BK 
945 |d 20091008 00:00:00  |a rbrito 
260 |a Santiago  |b Engrama  |c 1997 
650 0 |a Arte Precolombino Chileno  |9 541478 
650 0 |a Culturas precolombinas  |9 408769 
650 0 |a Iconografía   |9 267998 
650 7 |a CERAMICA PRECOLOMBINA  |2 CL-VaPUC  |9 541479 
650 0 |a Tejidos precolombinos   |9 523258 
651 7 |a CHILE  |2 CL-VaPUC  |9 541480 
583 |a last modification  |c 20190712 10:39:51  |k Rodrigo Vera 
999 |c 336402  |d 336400 
952 |0 0  |1 0  |4 0  |6 709_830000000000000_ALD_1997  |7 0  |8 X  |9 427668  |a FDOMLP  |b FDOMLP  |d 2019-11-22  |i 4605128  |o 709.83 ALD 1997  |p 4605128  |r 2019-11-22  |w 2019-11-22  |y BK_X  |k BUD